| 000 | 00349nam a2200145Ia 4500 | ||
|---|---|---|---|
| 005 | 20251222143107.0 | ||
| 008 | 251222s9999||||xx |||||||||||||| ||spa|| | ||
| 020 | _a9788499031170 | ||
| 082 | _a343/M26 | ||
| 100 | _aMariño Garrido, Teresa | ||
| 245 | 0 | _aEl Mercado Alternativo Bursátil | |
| 250 | _a1ra.ed. | ||
| 264 | _bArazandi | ||
| 942 | _cLIB | ||
| 999 |
_c11038 _d11038 |
||